Odškodňování pracovních úrazů a nemocí z povolání /

Hlavní autor: Dandová, Eva, 1953-
Jazyk: Čeština
Vydáno: Rožnov pod Radhoštěm : RoVS - Rožnovský vzdělávací servis s.r.o., 2009
Vydání: Vydání první
Témata:
Fyzický popis: 156 stran : ilustrace ; 21 cm
Knihy
Uloženo v:
LEADER 01448nam a2200433 i 4500
001 nkc20213326829
003 CZ PrNK
005 20210913072437.0
007 ta
008 210604s2009 xr a e f 000 0 cze
015 |a cnb003326829 
020 |q (Brožováno) 
040 |a BOA001  |b cze  |e rda 
043 |a e-xr--- 
072 7 |a 331  |x Práce  |2 Konspekt  |9 4 
080 |a 331.46  |2 MRF 
080 |a 331.472  |2 MRF 
080 |a 347.426.6  |2 MRF 
080 |a 368.943  |2 MRF 
080 |a (437.3)  |2 MRF 
080 |a (035)  |2 MRF 
100 1 |a Dandová, Eva,  |d 1953-  |7 mzk2004246471  |4 aut 
245 1 0 |a Odškodňování pracovních úrazů a nemocí z povolání /  |c Eva Dandová 
250 |a Vydání první 
264 1 |a Rožnov pod Radhoštěm :  |b RoVS - Rožnovský vzdělávací servis s.r.o.,  |c 2009 
300 |a 156 stran :  |b ilustrace ;  |c 21 cm 
336 |a text  |b txt  |2 rdacontent 
337 |a bez média  |b n  |2 rdamedia 
338 |a svazek  |b nc  |2 rdacarrier 
650 0 7 |a pracovní úrazy  |7 ph124540  |z Česko  |2 czenas 
650 0 7 |a nemoci z povolání  |7 ph123217  |z Česko  |2 czenas 
650 0 7 |a náhrada škody  |7 ph123399  |z Česko  |2 czenas 
650 0 7 |a úrazové pojištění  |7 ph128349  |z Česko  |2 czenas 
655 7 |a příručky  |7 fd133209  |2 czenas 
910 2 |a BOA001  |b 2-1466.381 
990 |a BK 
995 |a 60 
991 |b 202109  |c NOV 
996 6 |b 2610870335  |c 2-1466.381  |l MZK  |r Sklad / do 1 hodiny  |n 0  |p dar  |w 001855883  |u 000010  |a 1  |e BOA001  |j MZK50  |s P